ბათუმის შოთა რუსთაველის სახელმწიფო უნივერსიტეტის ბიბლიოთეკა

სოფლის მეურნეობის საწარმოო პროცესების ელექტრომექანიზაციისა და ავტომატიზაციის დაპროექტების საფუძვლები. (ბიბ.ჩანაწერი № 44674)

000 -LEADER
fixed length control field 01191nam a2200229Ia 4500
001 - CONTROL NUMBER
control field 11477
003 - CONTROL NUMBER IDENTIFIER
control field GE_BSU
008 - FIXED-LENGTH DATA ELEMENTS--GENERAL INFORMATION
fixed length control field 181216s||||||||xx |||||||||||||| ||und||
040 ## - CATALOGING SOURCE
Transcribing agency GE_BSU
080 ## - UNIVERSAL DECIMAL CLASSIFICATION NUMBER
Universal Decimal Classification number 631.3+621.37:621.3
100 ## - MAIN ENTRY--PERSONAL NAME
Personal name მეტრეველი,ვ.
245 ## - TITLE STATEMENT
Title სოფლის მეურნეობის საწარმოო პროცესების ელექტრომექანიზაციისა და ავტომატიზაციის დაპროექტების საფუძვლები.
245 ## - TITLE STATEMENT
Remainder of title ნაწ.1.
245 ## - TITLE STATEMENT
Statement of responsibility, etc. რედ:ვ.დიდებულაძე.
260 ## - PUBLICATION, DISTRIBUTION, ETC.
Place of publication, distribution, etc. თბილისი.
260 ## - PUBLICATION, DISTRIBUTION, ETC.
Name of publisher, distributor, etc. საქ–ს სას–სამ. ინ–ტის გამ–ბა.
260 ## - PUBLICATION, DISTRIBUTION, ETC.
Date of publication, distribution, etc. 1962.
300 ## - PHYSICAL DESCRIPTION
Extent 188გვ;24სმ.
300 ## - PHYSICAL DESCRIPTION
Accompanying material ილ;ცხრ.
653 ## - INDEX TERM--UNCONTROLLED
Uncontrolled term სოფლის მეურნეობის საწარმოო პროცესების ელექტრომექანიზაციისა და ავტომატიზაციის დაპროექტების საფუძვლები.
942 ## - ADDED ENTRY ELEMENTS (KOHA)
Koha item type წიგნი
ეგზემპლარები
Withdrawn status Lost status Damaged status Not for loan Date acquired Barcode Date last seen Price effective from Koha item type
        2018-12-17 20194 2018-12-17 2018-12-17 წიგნი
        2018-12-17 20195 2018-12-17 2018-12-17 წიგნი